| 000 | 00968cam a22001934a 4500 | ||
|---|---|---|---|
| 005 | 20250605164032.0 | ||
| 008 | 250528s ||||||||||||||||||||||||d | ||
| 035 | _a16677 | ||
| 020 | _a113855479 | ||
| 040 |
_aGR-AtMCL _bgre _dGR-AtMCL _eAACR2 |
||
| 245 | 1 | _aDesigning Effective Organizations / Structure in Fives | |
| 260 |
_bPrentice Hall, _c1993 |
||
| 300 | _a312 | ||
| 520 | _aThere is nothing magic about the number five...unless you are structuring an effective organization. A Note to the Reader, Foundations of Organization Design, Designing Individual Positions, Designing the Superstructure, Fleshing Out the Superstructure, Untangling Decentralization, Fitting Design to Situation, Design as Configuration, The Simple Structure, The Machine Bureaucracy, The Professional Bureaucracy, The Divisionalized Form, The Adhocracy, Beyond Five, Bibliography, Index. | ||
| 700 | 1 |
_aMintzberg Henry _9957 |
|
| 942 | _cBK | ||
| 999 |
_c2152 _d2152 |
||